Normal view
MARC view
- المسؤولية التقصيرية-قوانين- الاردن
Entry Topical Term
001 - CONTROL NUMBER
- control field: 61469
003 - CONTROL NUMBER IDENTIFIER
- control field: JO-AjAnu
005 - DATE AND TIME OF LATEST TRANSACTION
- control field: 20230606084038.0
008 - FIXED-LENGTH DATA ELEMENTS
- fixed length control field: 230606|| aca||aabn | a|a d
040 ## - CATALOGING SOURCE
- Original cataloging agency: JO-AjAnu
- Transcribing agency: JO-AjAnu
150 ## - HEADING--TOPICAL TERM
- Topical term or geographic name entry element: المسؤولية التقصيرية-قوانين- الاردن
670 ## - SOURCE DATA FOUND
- Source citation: Work cat.: (JO-AjAnu)31354: إعداد الذيبة، ثائر عبد المنعم؛ إشراف زيد غرايبة, author 61468, المسؤولية المدنية المترتبة عن نقل عدوى فيروس كورونا للغير في إطار حالة الضرورة= Civil Liability for transmitting infection with the corona virus to other in Necessity